| 000 | 01035nam a22002297a 4500 | ||
|---|---|---|---|
| 001 | 44 | ||
| 003 | BD-RjUL | ||
| 005 | 20211208233111.0 | ||
| 008 | 131106s2001 bg |||| |||| 000 0 ben d | ||
| 020 | _a9845601579 | ||
| 035 | _a(BD-RjUL)49 | ||
| 040 |
_aBD-RjUL _bben _cBD-RjUL |
||
| 041 | _aben | ||
| 082 | 0 | 4 |
_223 _a954.92 _bBAN 2001 |
| 245 | 0 | 0 |
_aবাংলাদেশের মুক্তিসংগ্রাম ও আওয়ামী লীগ : _bঐতিহাসিক দলিল / _c সঙ্কলন ও সম্পাদনা আবুল কাশেম |
| 260 |
_aঢাকা : _bজাতীয় গ্রন্থ প্রকাশন, _c২০০১. |
||
| 300 |
_a২৮৬, [১] পৃ. ; _c২০ সেমি. |
||
| 650 | 7 |
_aবাংলাদেশ _9111774 _xইতিহাস-মুক্তি সংগ্রাম _y১৯৭১ |
|
| 650 | 7 |
_aBangldesh _9111775 _xHistory-Revolution _y1971 |
|
| 700 | 1 |
_a কাশেম, আবুল, সঙ্ক.ও সম্পা. _9147 |
|
| 942 |
_2ddc _cBK _012 |
||
| 999 |
_c44 _d44 |
||